Langage informatique par logo de A à Z - Statistiques

Statistiques générales
  • Ce quiz a été pris 295 fois
  • Le résultat moyen est 8 sur 23
Statistiques - réponses
Par images Hint Réponse % Correct
P Python
97%
J Java
96%
H HTML
82%
R Ruby
81%
U Unreal
61%
T TypeScript
59%
B Bash
58%
S Swift
49%
K Kotlin
43%
M MatLab
41%
O OCaml
40%
F Fortran
32%
L Lua
25%
D Dart
18%
E Elixir
15%
Z Zig
10%
V VB Script
7%
X Xamarin
6%
G Groovy
5%
N Nim
5%
I i/o
3%
A Angelscript
2%
C Chapel
2%
Aucun quiz correspondant
Distribution des résultats
% des personnes avec chaque résultat
Percentile par nombre de réponses
Votre historique - résultats
Vous n’avez pas pris ce quiz